La réponse est une station du métro de Montréal - Statistiques

Statistiques générales
  • Ce quiz a été pris 71 fois
  • Le résultat moyen est 8 sur 13
Statistiques - réponses
Indices Réponses (Stations) % Correct
Fleuve reliant les Grands Lacs à l'Océan Atlantique. Saint-Laurent
91%
C'est le point culminant de l'Île de Montréal avec ses 233m. Mont-Royal
81%
Célèbre château de Québec. Frontenac
80%
Il est "Hyde" à Londres, "Central" à New York et "Güell" à Barcelone. Parc
74%
Ville française où une importante bataille eu lieu en 1916. Verdun
59%
Place romaine dédiée au dieu de la guerre et des combats. Champ-de-Mars
57%
Nom d'une place parisienne où est dressé un obélisque. De la Concorde
52%
Célèbre constructeur automobile américain. Cadillac
46%
Ancien maire de Montréal qui a permis à la ville de rayonner à l'international avec l'exposition universelle de 1967 et avec les Jeux Olympiques de 1976. Jean-Drapeau
46%
Capitale de la Wallonie en Belgique. Namur
46%
Parolier québécois connu pour l'opéra rock Starmania, la comédie musicale Notre-Dame de Paris et dont les textes ont été chantés par des artistes comme : Robert Charlebois, Françoise Hardy, Johnny Hallyday, Ginette Reno, Nicole Croisille, Petula Clark et Céline Dion. Plamondon
46%
Nation francophone des provinces de l'Atlantique. Acadie
44%
Fête religieuse catholique célébrant la montée au ciel de Marie. Assomption
44%
Aucun quiz correspondant
Distribution des résultats
% des personnes avec chaque résultat
Percentile par nombre de réponses
Votre historique - résultats
Vous n’avez pas pris ce quiz